000 01207nam0a22003011 4500
001 v19\rc\2094751
005 20081218102100.3
035 _a(NLR Aleph) 005174994
090 _a5095522
_c5095522
100 _a20081218e19141914|||y0rusy50 ca
101 0 _arus
102 _aRU
105 _ay z |||||
200 1 _aПороки сердца и беременность
_f[Соч.] Д-ра мед. Ф.А. Цур-Мюлена
210 _a[Санкт-Петербург
_d1914]
215 _a20 с.
_d27
309 _aБез тит. л. и обл.
311 _aОтт. из "Журн. акушерства и женск болезней". 1914 г., окт.
316 _aЭкз. РНБ (37.59.3.172): оба с автогр. авт.
_5NLR: 37.59.3.172
320 _aБиблиогр.: с. 20
488 0 _12001#$aЖурнал акушерства и женских болезней$v1914, окт.
700 1 _aЦур Мюлен
_bФ. А.
_f1867-
_gФридрих Александрович
790 1 _aМюлен
_bФ. А.
_f1867-
_gФридрих Александрович
801 0 _aRU
_bNLR
_gpsbo
801 1 _aRU
_bProSoft-M
_2rusmarc
852 _aNLR
_j37.59.3.172
942 _cBOOK
980 _aNB